Statistics for Gryffndor Quidditch Team Year 1-3

Click here to take the quiz!

General Stats

  • This quiz has been taken 1,960 times
  • The average score is 6 of 7

Answer Stats

HintAnswer% Correct
SeekerHarry Potter
100%
BeaterFred Weasley
99%
BeaterGeorge Weasley
98%
KeeperOliver Wood
98%
ChaserKatie Bell
89%
ChaserAngelina Johnson
88%
ChaserAlicia Spinnet
71%

Score Distribution

Percentile by Number Answered

Percent of People with Each Score

Your Score History

You have not taken this quiz